000 00514nam a2200169Ia 4500
008 090201s9999 xx 000 0 und d
010 _aKPL-62371
040 _bमराठी
041 _aमराठी
082 _a34622
_b62371
100 _aयु म पठाण
245 _aसभासद बखर
_cयु म पठाण
260 _c2004
_bस्नेहवर्धन पब्लिशिंग
300 _a126
_bमोठा
600 _aसभासद बखर
942 _cBOOK
999 _c232798
_d232798